| 000 | 00478nam a2200169Ia 4500 | ||
|---|---|---|---|
| 999 |
_c144 _d144 |
||
| 003 | OSt | ||
| 005 | 20190913162542.0 | ||
| 008 | 190722s9999 xx 000 0 und d | ||
| 020 | _a9781292227290 | ||
| 028 | _bBook World International Publisher | ||
| 040 |
_cmaju _dmaju |
||
| 100 | _aWheelen, Hunger | ||
| 245 | 0 | _aConcepts in Strategic Management and Business Policy | |
| 260 |
_aNew DElhi _bPearson Dorling Kindersley (India) _c2011 |
||
| 300 | _a473 (I-11) | ||
| 942 |
_cBK _2ddc |
||